000 01082nam a22003731c 4500
001 ciando2192951
008 161118s2016 gw |||| 000u eng d
020 _a9783110434460
041 _aeng
100 1 _aEckert, Andreas
245 0 0 _aGlobal Histories of Work
250 _a1. Aufl.
264 _a[s.l.] :
_bDe Gruyter Oldenbourg,
_c2016
300 _a374 Seiten
336 _aText
_btxt
_2rdacontent
337 _aComputermedien
_bc
_2rdamedia
338 _aOnline-Ressource
_bcr
_2rdacarrier
500 _aE-Book-Ciando / Zugriff im DHI-Lesesaal, Fernzugriff für registrierte Nutzer
650 0 _aArbeit
650 0 _aGlobalisierung
650 0 _aRechtsgeschichte
650 0 _aHistoriographie
651 0 _aRussland
651 0 _aIndien
651 0 _aBrasilien
651 0 _aSüdafrika
655 0 _aFernzugriff (E-Book)
655 0 _aelektronnaja biblioteka
655 0 _aFernzugriff
856 4 _uhttp://dgia.ciando.com/shop/book/short/index.cfm?fuseaction=short&bok_id=2192951
942 _cEB
040 _cRU-10907106
003 RU-10907106
999 _c40976
_d40976